Sovmestnye magisterskie programmy v Ekonomičeskom universitete v Bratislave (Slovakija)

Saved in:
Bibliographic Details
Main Author: Strelková, Katarína
Format: Book Chapter
Language:Russian
Subjects:
Tags: Add Tag
No Tags, Be the first to tag this record!

MARC

LEADER 00000naa$a2200000$$$4500
001 0104528
005 20240502083248.3
041 0 |a rus 
044 |a RU 
245 1 0 |a Sovmestnye magisterskie programmy v Ekonomičeskom universitete v Bratislave (Slovakija)  |c Katarína Strelková 
610 2 0 |a vzdelávanie vysokoškolské 
610 2 0 |a vyučovanie 
610 2 0 |a štúdium magisterské 
610 2 0 |a univerzity 
610 2 0 |a spolupráca medzinárodná 
100 1 |a Strelková, Katarína